000 00399nam a22001697a 4500
003 MPLRDC
005 20220104163745.0
008 210129b ||||| |||| 00| 0 eng d
020 _a0-330-24330-6
082 _a870.57 CARa-2
100 _aBARBARA CARTLAND
245 _aTHE FRIGHTENED BRIDE
_c
260 _a
_bPAN BOOKS LTD
_c1975
300 _b
650 _a
942 _cBK
_o870.57 CARa-2
999 _c56624
_d56614